000 00252nam a2200097Ia 4500
001 1119906
005 20250827004614.0
008 250824s9999 xx 000 0 und d
245 0 _aMEVLANA TERAPİ 2-8 17
_cSENAİ DEMİRCİ
260 _bDESTEK YAYINLARI
999 _c1119906
_d1119906